Multiple Choice City Quiz – Las Vegas - Statistics

General Stats
  • This quiz has been taken 14,849 times
    14,848 since last reset
  • The average score is 6 of 10
Answer Stats
Question Answer % Correct
What is the nickname of Las Vegas? Sin City
95%
Who recorded the song "Viva Las Vegas"? Elvis Presley
80%
What NFL team relocated to Las Vegas in 2020? Oakland Raiders
68%
What rapper was shot and killed in Las Vegas? 2Pac
65%
What city does Las Vegas NOT have a mock casino version of? London
62%
In what video game series does Las Vegas appear in as "New Vegas"? Fallout
60%
Who first tried to settle Las Vegas but abandoned their settlement? Mormons
57%
What nearby lake was created by Hoover Dam? Lake Mead
53%
From 1951–1963, what were people in Las Vegas able to do? See mushroom clouds from nuclear bomb tests
45%
What unincorporated town contains most of the Las Vegas Strip? Paradise
41%
No matching quizzes found
Score Distribution
Percent of People with Each Score
Percentile by Number Answered
Your Score History
You have not taken this quiz since the last reset